000 00897cam a2200217 4500
001 ABS66941
008 030722n2003 000 0 eng u
035 _a(Sirsi) u123091
100 _aWong, M.
245 _aDiscounted cash flow - estimation of the remaining useful life in real estate
260 _c2003
490 _aSurveyors' Times [Hong Kong Institute of Surveyors]
_v12(6) June 2003, 8(1)
520 _aReviews various ways of estimating the remaining useful life of property, such as foreseeable period estimation and terminal period estimation. Suggests reasons for choosing a method of calculation and concludes there is no definite rule for deciding on a technique.
590 _aABS
650 _aDISCOUNTED CASH FLOW
650 _aINCOME APPROACH
650 _aCOST APPROACH
650 _aESTIMATION
690 _aPROPERTY-PROPERTY APPRAISAL AND VALUATION
942 _n0
999 _c73095
_d73095